| 000 | 00642nam a22002177a 4500 | ||
|---|---|---|---|
| 999 |
_c17696 _d17696 |
||
| 003 | AR-CdUCM | ||
| 008 | 190325b ||||| |||| 00| 0 spa d | ||
| 040 |
_aMUNICIPALIDAD PROVINCIAL DEL CUSCO _cBIBLIOTECA MUNICIPAL DEL CUSCO |
||
| 041 | _hfre | ||
| 082 |
_a197.481 / _bW96 |
||
| 100 |
_aWundt, W. _937839 |
||
| 245 | _aHipnotismo y sugestión / | ||
| 260 | _aMéxico : | ||
| 300 |
_a95 páginas ; _c21 cm. |
||
| 505 | _aContenido: Fenómeno de la hipnosis / | ||
| 650 |
_aSueños - Aspectos psicológicos _924153 |
||
| 650 |
_aHipnotismo _924154 |
||
| 650 |
_aSugestión _924155 |
||
| 942 |
_2ddc _cLIBROS |
||
| 945 |
_arjall _d2019-05-09 |
||